<?xml version="1.0" encoding="UTF-8"?>
<record
    xmlns:xsi="http://www.w3.org/2001/XMLSchema-instance"
    xsi:schemaLocation="http://www.loc.gov/MARC21/slim http://www.loc.gov/standards/marcxml/schema/MARC21slim.xsd"
    xmlns="http://www.loc.gov/MARC21/slim">

  <leader>00728nam a22002057a 4500</leader>
  <datafield tag="999" ind1=" " ind2=" ">
    <subfield code="c">197361</subfield>
    <subfield code="d">197361</subfield>
  </datafield>
  <controlfield tag="005">20230822143139.0</controlfield>
  <datafield tag="010" ind1=" " ind2=" ">
    <subfield code="a">UR-12153</subfield>
  </datafield>
  <datafield tag="020" ind1=" " ind2=" ">
    <subfield code="a">9789394616677</subfield>
    <subfield code="c">300.00</subfield>
  </datafield>
  <datafield tag="035" ind1=" " ind2=" ">
    <subfield code="a">U-10708</subfield>
  </datafield>
  <datafield tag="037" ind1=" " ind2=" ">
    <subfield code="b">DBAD/PUB</subfield>
  </datafield>
  <datafield tag="082" ind1=" " ind2=" ">
    <subfield code="a">841</subfield>
  </datafield>
  <datafield tag="100" ind1=" " ind2=" ">
    <subfield code="a">&#x639;&#x627;&#x631;&#x641; &#x62D;&#x633;&#x646; &#x686;&#x627;&#x646;</subfield>
  </datafield>
  <datafield tag="245" ind1=" " ind2=" ">
    <subfield code="a">&#x645;&#x6CC;&#x631; &#x6A9;&#x627; &#x641;&#x646; :</subfield>
    <subfield code="b">&#x627;&#x6CC;&#x6A9; &#x645;&#x639;&#x631;&#x648;&#x636;&#x6CC; &#x60C; &#x62A;&#x62C;&#x632; &#x6CC;&#x627;&#x62A;&#x6CC; &#x645;&#x637;&#x627;&#x644;&#x639;&#x6C1; /</subfield>
    <subfield code="c">&#x639;&#x627;&#x631;&#x641; &#x62D;&#x633;&#x646; &#x686;&#x627;&#x646;</subfield>
  </datafield>
  <datafield tag="246" ind1=" " ind2=" ">
    <subfield code="a">Meer ka fun: Eik Ma'roozi tajziyati mutal'a /</subfield>
    <subfield code="b">by Arif Hasan Khan</subfield>
  </datafield>
  <datafield tag="260" ind1=" " ind2=" ">
    <subfield code="a">New Delhi</subfield>
    <subfield code="b">Educational Publishing House</subfield>
    <subfield code="c">2022 &#x621;</subfield>
  </datafield>
  <datafield tag="270" ind1=" " ind2=" ">
    <subfield code="a">H.O. D1/16, Ansari Road, Darya Ganj</subfield>
    <subfield code="b">New Delhi</subfield>
    <subfield code="e">110002</subfield>
  </datafield>
  <datafield tag="300" ind1=" " ind2=" ">
    <subfield code="a">200 &#x635;</subfield>
    <subfield code="c">23cm(Hb)     </subfield>
  </datafield>
  <datafield tag="500" ind1=" " ind2=" ">
    <subfield code="a">Tazkira Sufia-e-Bihar</subfield>
  </datafield>
  <datafield tag="942" ind1=" " ind2=" ">
    <subfield code="2">ddc</subfield>
    <subfield code="c">UR</subfield>
    <subfield code="m">&#x639; &#x627; &#x631;</subfield>
    <subfield code="e"> </subfield>
    <subfield code="h">841</subfield>
  </datafield>
  <datafield tag="952" ind1=" " ind2=" ">
    <subfield code="0">0</subfield>
    <subfield code="1">0</subfield>
    <subfield code="4">0</subfield>
    <subfield code="7">0</subfield>
    <subfield code="8">NFIC</subfield>
    <subfield code="a">MP</subfield>
    <subfield code="b">MP</subfield>
    <subfield code="d">2023-08-22</subfield>
    <subfield code="e">DBAD/PUB</subfield>
    <subfield code="g">300.00</subfield>
    <subfield code="l">0</subfield>
    <subfield code="o">841 &#x639; &#x627; &#x631;</subfield>
    <subfield code="p">U-10708</subfield>
    <subfield code="r">2023-08-22 00:00:00</subfield>
    <subfield code="t">1</subfield>
    <subfield code="v">300.00</subfield>
    <subfield code="w">2023-08-22</subfield>
    <subfield code="y">UR</subfield>
  </datafield>
</record>
